000 00491nam a2200205Ia 4500
008 210210b2010 xxu||||| |||| 00| 0 eng d
020 _a8121935156
041 _aeng
082 _a547 BAHA
100 _aBAHL (Arun)
245 _aAdvanced organic chemistry
260 _aNew Delhi
_bS. Chand & Co. Ltd.
_c2010
300 _axxiii,1524
650 _aorganic
650 _achemistry
650 _aAdvanced
690 _aOrganic Chemistry
700 _aBAHL (B S)
906 _a065764
999 _c146496
_d146496